| 000 | 00482nam a22001457a 4500 | ||
|---|---|---|---|
| 020 | _a0-87262-984-8 | ||
| 082 |
_a624.15 _bCAR _cN-01, P-97 |
||
| 100 |
_aCarlton L, Ho and |Roman D _942375 |
||
| 245 | _aAdvances in site characterization date acquisition data management and data interpretation. | ||
| 260 |
_aUSA _bAmerican Society of Civil Engineers. |
||
| 300 |
_a113 p. : _bill. : _c6 Cm |
||
| 526 |
_a0 _b0 _c0 _d624_150000000000000_CAR |
||
| 650 |
_aNUST _96342 |
||
| 942 |
_2ddc _cBK |
||
| 999 |
_c546283 _d546283 |
||